[Event "C10"]
[Site "?"]
[Date "2020.08.30"]
[Round "10.5"]
[White "Suska, Szymon"]
[Black "Kaszuba, Michal"]
[Result "1-0"]
[BlackElo "1167"]
[WhiteElo "1325"]
[LiveChessVersion "1.4.8"]

1. e4 {[%clk 0:03:03]} Nf6 {[%clk 0:03:03]} 2. Nc3 {[%clk 0:03:03]} Nc6
{[%clk 0:03:04]} 3. d4 {[%clk 0:03:02]} d5 {[%clk 0:03:03]} 4. e5
{[%clk 0:03:03]} Ne4 {[%clk 0:02:57]} 5. Nf3 {[%clk 0:03:00]} Bg4
{[%clk 0:02:54]} 6. Be2 {[%clk 0:02:56]} e6 {[%clk 0:02:53]} 7. h3
{[%clk 0:02:58]} Bxf3 {[%clk 0:02:52]} 8. Bxf3 {[%clk 0:02:58]} Bb4
{[%clk 0:02:21]} 9. Qd3 {[%clk 0:02:50]} h6 {[%clk 0:01:46]} 10. a3
{[%clk 0:02:50]} Be7 {[%clk 0:01:20]} 11. Bf4 {[%clk 0:02:44]} Nxc3
{[%clk 0:01:14]} 12. bxc3 {[%clk 0:02:44]} Bg5 {[%clk 0:01:14]} 13. Qe3
{[%clk 0:02:36]} Bxf4 {[%clk 0:01:08]} 14. Qxf4 {[%clk 0:02:37]} Ne7
{[%clk 0:01:04]} 15. Rb1 {[%clk 0:02:36]} b6 {[%clk 0:01:00]} 16. O-O
{[%clk 0:02:35]} Ng6 {[%clk 0:01:01]} 17. Qe3 {[%clk 0:02:34]} Qe7
{[%clk 0:00:50]} 18. Rb3 {[%clk 0:02:23]} O-O {[%clk 0:00:40]} 19. Be2
{[%clk 0:02:04]} c5 {[%clk 0:00:37]} 20. Ra1 {[%clk 0:01:54]} cxd4
{[%clk 0:00:17]} 21. cxd4 {[%clk 0:01:54]} Rac8 {[%clk 0:00:18]} 22. Bd3
{[%clk 0:01:54]} Rc7 {[%clk 0:00:17]} 23. a4 {[%clk 0:01:49]} Rfc8
{[%clk 0:00:17]} 24. a5 {[%clk 0:01:46]} bxa5 {[%clk 0:00:13]} 25. Rxa5
{[%clk 0:01:47]} Rb7 {[%clk 0:00:13]} 26. Rxb7 {[%clk 0:01:24]} Qxb7
{[%clk 0:00:14]} 27. Kh2 {[%clk 0:01:23]} Qc7 {[%clk 0:00:13]} 28. Rc5
{[%clk 0:01:22]} Qd7 {[%clk 0:00:09]} 29. Bb5 {[%clk 0:01:15]} Qb7
{[%clk 0:00:10]} 30. Qc3 {[%clk 0:01:04]} Rxc5 {[%clk 0:00:08]} 31. Qxc5
{[%clk 0:01:02]} Kh7 {[%clk 0:00:09]} 32. c4 {[%clk 0:00:52]} dxc4
{[%clk 0:00:08]} 33. Bxc4 {[%clk 0:00:51]} Qb6 {[%clk 0:00:08]} 34. Qd6
{[%clk 0:00:40]} Qb2 {[%clk 0:00:06]} 35. f3 {[%clk 0:00:31]} Nf4
{[%clk 0:00:08]} 36. Bf1 {[%clk 0:00:29]} Qf2 {[%clk 0:00:07]} 37. Qc6
{[%clk 0:00:18]} Qxf1 {[%clk 0:00:07]} 38. Qc2+ {[%clk 0:00:18]} Qd3
{[%clk 0:00:04]} 39. Qc1 {[%clk 0:01:10]} Ne2 {[%clk 0:00:05]} 40. Qc5
{[%clk 0:01:03]} Qf5 {[%clk 0:00:06]} 41. Qxa7 {[%clk 0:01:00]} Qf4+
{[%clk 0:00:07]} 42. Kh1 {[%clk 0:01:00]} Qg3 {[%clk 0:00:07]} 43. Qb7
{[%clk 0:00:45]} Nf4 {[%clk 0:00:07]} 44. Qe4+ {[%clk 0:00:45]} g6
{[%clk 0:00:07]} 45. Qc2 {[%clk 0:00:44]} Qxg2+ {[%clk 0:00:07]} 46. Qxg2
{[%clk 0:00:44]} Nxg2 {[%clk 0:00:07]} 47. Kxg2 {[%clk 0:00:46]} Kg7
{[%clk 0:00:08]} 48. Kg3 {[%clk 0:00:47]} g5 {[%clk 0:00:08]} 49. f4
{[%clk 0:00:46]} gxf4+ {[%clk 0:00:09]} 50. Kxf4 {[%clk 0:00:47]} Kg6
{[%clk 0:00:10]} 51. Kg4 {[%clk 0:00:47]} h5+ {[%clk 0:00:09]} 52. Kf4
{[%clk 0:00:44]} Kh6 {[%clk 0:00:11]} 53. h4 {[%clk 0:00:45]} Kg6
{[%clk 0:00:12]} 54. Ke4 {[%clk 0:00:45]} f6 {[%clk 0:00:06]} 55. exf6 Kxf6
{[%clk 0:00:06]} 56. Kf4 {[%clk 0:00:47]} Kg6 {[%clk 0:00:06]} 57. Ke5
{[%clk 0:00:48]} Kf7 {[%clk 0:00:07]} 58. Kf4 {[%clk 0:00:31]} Kg6
{[%clk 0:00:06]} 59. Ke4 {[%clk 0:00:29]} Kf6 {[%clk 0:00:06]} 60. Kf4
{[%clk 0:00:30]} Kg6 {[%clk 0:00:07]} 61. Ke5 {[%clk 0:00:31]} Kf7
{[%clk 0:00:08]} 62. Ke4 {[%clk 0:00:31]} Kf6 {[%clk 0:00:07]} 63. Kf4
{[%clk 0:00:31]} Kg6 {[%clk 0:00:08]} 64. Ke5 {[%clk 0:00:28]} Kf7
{[%clk 0:00:09]} 65. Ke4 {[%clk 0:00:19]} Kf6 {[%clk 0:00:06]} 66. Kf4
{[%clk 0:00:20]} Kg6 {[%clk 0:00:07]} 67. Ke5 {[%clk 0:00:18]} Kf7
{[%clk 0:00:09]} 68. Ke4 {[%clk 0:00:15]} Kf6 {[%clk 0:00:09]} 69. Kf4
{[%clk 0:00:16]} Kg6 {[%clk 0:00:11]} 70. Ke5 {[%clk 0:00:16]} Kf7
{[%clk 0:00:11]} 1-0

[Event "C10"]
[Site "?"]
[Date "2020.08.30"]
[Round "10.6"]
[White "Komendecki, Grzegorz"]
[Black "Dunda, Szymon"]
[Result "1-0"]
[BlackElo "1283"]
[WhiteElo "1154"]
[LiveChessVersion "1.4.8"]

1. e4 {[%clk 0:03:03]} c5 {[%clk 0:03:03]} 2. Nf3 {[%clk 0:03:04]} e6
{[%clk 0:03:05]} 3. d4 {[%clk 0:03:04]} cxd4 {[%clk 0:03:05]} 4. Nxd4
{[%clk 0:03:05]} a6 {[%clk 0:03:06]} 5. Nc3 {[%clk 0:03:05]} Qc7 {[%clk 0:03:07]}
6. Be3 {[%clk 0:03:03]} b5 {[%clk 0:03:08]} 7. Be2 {[%clk 0:02:55]} Bb7
{[%clk 0:03:08]} 8. f3 {[%clk 0:02:53]} d6 {[%clk 0:03:08]} 9. O-O
{[%clk 0:02:48]} Nf6 {[%clk 0:03:08]} 10. Qd2 {[%clk 0:02:33]} Be7
{[%clk 0:03:07]} 11. Kh1 {[%clk 0:02:29]} Nbd7 {[%clk 0:03:07]} 12. Rg1
{[%clk 0:02:21]} O-O {[%clk 0:03:05]} 13. g4 {[%clk 0:02:07]} Nc5
{[%clk 0:02:59]} 14. h4 {[%clk 0:01:50]} d5 {[%clk 0:02:35]} 15. exd5
{[%clk 0:01:41]} Nxd5 {[%clk 0:02:33]} 16. Nxd5 {[%clk 0:01:32]} Bxd5
{[%clk 0:02:34]} 17. h5 {[%clk 0:01:19]} Qb7 {[%clk 0:02:07]} 18. h6
{[%clk 0:01:10]} g6 {[%clk 0:02:04]} 19. Bg5 {[%clk 0:01:07]} f6 {[%clk 0:01:54]}
20. Bh4 {[%clk 0:01:07]} e5 {[%clk 0:01:53]} 21. Nb3 {[%clk 0:00:45]} Nxb3
{[%clk 0:01:52]} 22. axb3 {[%clk 0:00:42]} Bxf3+ {[%clk 0:01:51]} 23. Bxf3
{[%clk 0:00:39]} Qxf3+ {[%clk 0:01:51]} 24. Rg2 {[%clk 0:00:40]} Rfd8
{[%clk 0:01:46]} 25. Qa5 {[%clk 0:00:22]} Qh3+ {[%clk 0:01:33]} 26. Rh2
{[%clk 0:00:22]} Qxg4 {[%clk 0:01:31]} 27. Qb6 {[%clk 0:00:19]} Qe4+
{[%clk 0:01:19]} 28. Kg1 {[%clk 0:00:11]} Rac8 {[%clk 0:01:17]} 29. Qe6+
{[%clk 0:00:11]} Kf8 {[%clk 0:00:51]} 30. Bxf6 {[%clk 0:00:09]} Bxf6
{[%clk 0:00:51]} 31. Qxf6+ {[%clk 0:00:10]} Ke8 1-0

[Event "C10"]
[Site "?"]
[Date "2020.08.30"]
[Round "10.7"]
[White "Kudraszow, Filip"]
[Black "Majcher, Igor"]
[Result "1-0"]
[BlackElo "1365"]
[WhiteElo "1202"]
[LiveChessVersion "1.4.8"]

1. e4 {[%clk 0:03:03]} c5 {[%clk 0:03:04]} 2. Nf3 {[%clk 0:03:04]} d6
{[%clk 0:03:05]} 3. Bb5+ {[%clk 0:03:05]} Bd7 {[%clk 0:03:05]} 4. Bxd7+
{[%clk 0:03:05]} Nxd7 {[%clk 0:03:03]} 5. c4 {[%clk 0:03:06]} Ngf6
{[%clk 0:03:03]} 6. Nc3 {[%clk 0:03:06]} a6 {[%clk 0:03:04]} 7. d4
{[%clk 0:03:05]} cxd4 {[%clk 0:03:05]} 8. Nxd4 {[%clk 0:03:06]} Nc5
{[%clk 0:03:05]} 9. f3 {[%clk 0:03:02]} g6 {[%clk 0:03:06]} 10. Be3
{[%clk 0:03:02]} Bg7 {[%clk 0:03:07]} 11. O-O {[%clk 0:03:02]} O-O
{[%clk 0:03:06]} 12. Qd2 {[%clk 0:03:02]} Qc7 {[%clk 0:03:03]} 13. b3
{[%clk 0:03:02]} Nfd7 {[%clk 0:03:02]} 14. Rac1 {[%clk 0:02:47]} Rfe8
{[%clk 0:02:58]} 15. Rfd1 {[%clk 0:02:45]} Rad8 {[%clk 0:02:58]} 16. Kh1
{[%clk 0:02:40]} Qb8 {[%clk 0:02:56]} 17. Kg1 {[%clk 0:02:37]} Ne5
{[%clk 0:02:52]} 18. Qe2 {[%clk 0:02:31]} Ned7 {[%clk 0:02:43]} 19. Rd2
{[%clk 0:02:22]} Qc7 {[%clk 0:02:40]} 20. Nd5 {[%clk 0:02:18]} Qb8
{[%clk 0:02:39]} 21. Rdc2 {[%clk 0:02:19]} e6 {[%clk 0:02:36]} 22. Nc3
{[%clk 0:02:18]} a5 {[%clk 0:02:29]} 23. Rd2 {[%clk 0:02:15]} Nf6
{[%clk 0:02:22]} 24. Ndb5 {[%clk 0:02:04]} Re7 {[%clk 0:02:06]} 25. Rcd1
{[%clk 0:01:57]} Red7 {[%clk 0:01:50]} 26. Na4 {[%clk 0:01:34]} Nxa4
{[%clk 0:01:50]} 27. bxa4 {[%clk 0:01:34]} b6 {[%clk 0:01:47]} 28. Qf2
{[%clk 0:01:30]} Ne8 {[%clk 0:01:31]} 29. Bxb6 {[%clk 0:01:22]} Rc8
{[%clk 0:01:32]} 30. Bxa5 {[%clk 0:01:20]} Rxc4 {[%clk 0:01:28]} 31. Qb6
{[%clk 0:01:02]} Qxb6+ {[%clk 0:01:24]} 32. Bxb6 {[%clk 0:01:03]} Rxa4
{[%clk 0:01:22]} 33. Nxd6 {[%clk 0:00:54]} Nxd6 {[%clk 0:01:20]} 34. Rxd6
{[%clk 0:00:56]} Rxd6 {[%clk 0:01:21]} 35. Rxd6 Be5 36. Rd2 {[%clk 0:00:52]} Kf8
{[%clk 0:01:14]} 37. h3 {[%clk 0:00:48]} Ke7 {[%clk 0:01:12]} 38. Bc5+
{[%clk 0:00:45]} Ke8 {[%clk 0:01:07]} 39. a3 {[%clk 0:00:45]} Bc7
{[%clk 0:01:04]} 40. Bb4 {[%clk 0:00:45]} Ba5 {[%clk 0:00:58]} 41. Bxa5
{[%clk 0:00:45]} Rxa5 42. Ra2 {[%clk 0:00:46]} Ra4 {[%clk 0:00:59]} 43. Kf2
{[%clk 0:00:46]} Kd7 {[%clk 0:01:01]} 44. Ke3 {[%clk 0:00:47]} Kd6
{[%clk 0:01:01]} 45. Kd3 {[%clk 0:00:45]} Kc5 {[%clk 0:00:59]} 46. Kc3
{[%clk 0:00:44]} f5 {[%clk 0:00:55]} 47. Kd3 {[%clk 0:00:41]} f4 {[%clk 0:00:52]}
48. Kc3 {[%clk 0:00:40]} e5 {[%clk 0:00:51]} 49. Kd3 {[%clk 0:00:38]} g5
{[%clk 0:00:51]} 50. Kc3 {[%clk 0:00:39]} h5 {[%clk 0:00:45]} 51. Kd3
{[%clk 0:00:39]} h4 {[%clk 0:00:39]} 52. Kc3 {[%clk 0:00:34]} Ra5
{[%clk 0:00:27]} 53. a4 {[%clk 0:00:33]} Ra8 {[%clk 0:00:20]} 54. a5
{[%clk 0:00:27]} Kb5 {[%clk 0:00:16]} 55. a6 {[%clk 0:00:26]} Kc5
{[%clk 0:00:18]} 56. Ra5+ {[%clk 0:00:22]} Kd6 {[%clk 0:00:14]} 57. a7
{[%clk 0:00:22]} Rc8+ {[%clk 0:00:13]} 58. Kd2 {[%clk 0:00:22]} Ra8
{[%clk 0:00:13]} 59. Ke2 {[%clk 0:00:23]} Kc6 {[%clk 0:00:12]} 60. Rxe5
{[%clk 0:00:23]} Rxa7 {[%clk 0:00:12]} 61. Rxg5 {[%clk 0:00:23]} Ra2+
{[%clk 0:00:12]} 62. Kf1 {[%clk 0:00:24]} Kc5 {[%clk 0:00:13]} 63. Kg1+
{[%clk 0:00:25]} Kd4 {[%clk 0:00:11]} 64. Kh2 {[%clk 0:00:23]} Ke3
{[%clk 0:00:11]} 65. Rg4 {[%clk 0:00:23]} Kf2 {[%clk 0:00:10]} 66. Rxh4
{[%clk 0:00:21]} Kf1 {[%clk 0:00:11]} 67. Rg4 {[%clk 0:00:22]} Rb2
{[%clk 0:00:08]} 68. h4 {[%clk 0:00:22]} Rc2 {[%clk 0:00:06]} 69. h5
{[%clk 0:00:21]} Rc5 {[%clk 0:00:04]} 70. Rxf4 {[%clk 0:00:18]} Kf2
{[%clk 0:00:05]} 71. Rh4 {[%clk 0:00:16]} Rg5 {[%clk 0:00:05]} 72. Rf4 Rxg2+
{[%clk 0:00:05]} 73. Kh3 {[%clk 0:00:06]} Rg1 {[%clk 0:00:05]} 74. Kh4
{[%clk 0:00:06]} Ke3 {[%clk 0:00:05]} 75. Rf5 {[%clk 0:00:07]} Rh1+
{[%clk 0:00:06]} 76. Kg5 {[%clk 0:00:08]} Rg1+ {[%clk 0:00:06]} 77. Kh6
{[%clk 0:00:09]} Kd4 {[%clk 0:00:05]} 78. Kh7 {[%clk 0:00:10]} Ke3
{[%clk 0:00:05]} 79. h6 {[%clk 0:00:11]} Kd4 {[%clk 0:00:05]} 80. Kh8
{[%clk 0:00:12]} Ke3 {[%clk 0:00:05]} 81. h7 {[%clk 0:00:13]} Kd4
{[%clk 0:00:06]} 82. Rf7 {[%clk 0:00:13]} Ke5 {[%clk 0:00:04]} 83. Rg7
{[%clk 0:00:13]} Ra1 {[%clk 0:00:04]} 84. Kg8 {[%clk 0:00:11]} Ra8+ 1-0

[Event "C10"]
[Site "?"]
[Date "2020.08.30"]
[Round "10.8"]
[White "Butkiewicz, Jan"]
[Black "Krawczyk, Eryk"]
[Result "0-1"]
[BlackElo "1181"]
[WhiteElo "1300"]
[LiveChessVersion "1.4.8"]

1. d4 {[%clk 0:03:02]} d5 {[%clk 0:03:04]} 2. c4 {[%clk 0:03:03]} e6
{[%clk 0:03:04]} 3. Nc3 {[%clk 0:03:04]} Nf6 {[%clk 0:03:05]} 4. Bg5
{[%clk 0:03:05]} Be7 {[%clk 0:03:05]} 5. Nf3 {[%clk 0:03:06]} O-O
{[%clk 0:03:04]} 6. e3 {[%clk 0:03:03]} h6 {[%clk 0:03:04]} 7. Bh4
{[%clk 0:03:04]} Nc6 {[%clk 0:03:04]} 8. a3 {[%clk 0:03:00]} a6 {[%clk 0:03:03]}
9. Bd3 {[%clk 0:02:47]} Bd7 {[%clk 0:02:59]} 10. cxd5 {[%clk 0:02:39]} exd5
{[%clk 0:02:57]} 11. Bxf6 {[%clk 0:02:34]} Bxf6 {[%clk 0:02:57]} 12. Nxd5
{[%clk 0:02:34]} Bg4 {[%clk 0:02:54]} 13. Nxf6+ {[%clk 0:02:32]} Qxf6
{[%clk 0:02:54]} 14. Be2 {[%clk 0:02:33]} Bxf3 {[%clk 0:02:41]} 15. Bxf3
{[%clk 0:02:33]} Rad8 {[%clk 0:02:39]} 16. Bxc6 {[%clk 0:02:30]} bxc6
{[%clk 0:02:39]} 17. O-O {[%clk 0:02:30]} Rb8 {[%clk 0:02:40]} 18. Qc2
{[%clk 0:02:29]} Rb7 {[%clk 0:02:39]} 19. Rfc1 {[%clk 0:02:22]} Rfb8
{[%clk 0:02:40]} 20. Rab1 {[%clk 0:02:19]} Rb6 {[%clk 0:02:34]} 21. h3
{[%clk 0:02:17]} c5 {[%clk 0:02:23]} 22. Qxc5 {[%clk 0:02:09]} Rxb2
{[%clk 0:02:17]} 23. Rxb2 {[%clk 0:01:44]} Rxb2 {[%clk 0:02:17]} 24. Rc2
{[%clk 0:01:21]} Rb1+ {[%clk 0:02:10]} 25. Kh2 {[%clk 0:01:17]} Rf1
{[%clk 0:01:58]} 26. Qxc7 {[%clk 0:00:47]} Rxf2 {[%clk 0:01:57]} 27. Rxf2
{[%clk 0:00:23]} Qxf2 {[%clk 0:01:57]} 28. Qc3 {[%clk 0:00:17]} a5
{[%clk 0:01:56]} 29. Qd3 {[%clk 0:00:12]} a4 {[%clk 0:01:56]} 30. Qc3
{[%clk 0:00:09]} Kh7 {[%clk 0:01:53]} 31. Qd3+ {[%clk 0:00:09]} g6
{[%clk 0:01:52]} 32. Qc4 {[%clk 0:00:06]} Kg7 {[%clk 0:01:49]} 33. Qc3
{[%clk 0:00:05]} h5 {[%clk 0:01:47]} 34. Qd3 {[%clk 0:00:03]} h4 {[%clk 0:01:45]}
35. e4 {[%clk 0:00:04]} Qf4+ {[%clk 0:01:39]} 36. Kg1 {[%clk 0:00:03]} Qc1+
{[%clk 0:01:36]} 37. Qf1 {[%clk 0:00:04]} Qxa3 {[%clk 0:01:31]} 38. e5
{[%clk 0:00:05]} Qe3+ {[%clk 0:01:29]} 39. Kh2 {[%clk 0:00:05]} Qxd4
{[%clk 0:01:28]} 40. Qf6+ {[%clk 0:00:06]} Kg8 {[%clk 0:01:22]} 41. Qg5
{[%clk 0:00:04]} a3 {[%clk 0:01:16]} 42. Qc1 {[%clk 0:00:03]} Qxe5+
{[%clk 0:02:14]} 43. Qd1 0-1

[Event "C10"]
[Site "?"]
[Date "2020.08.30"]
[Round "10.9"]
[White "Prokopiuk, Jakub"]
[Black "Futyma, Dawid"]
[Result "0-1"]
[BlackElo "1077"]
[WhiteElo "1257"]
[LiveChessVersion "1.4.8"]

1. e4 {[%clk 0:03:02]} c6 {[%clk 0:03:04]} 2. d4 {[%clk 0:03:03]} d5
{[%clk 0:03:05]} 3. exd5 {[%clk 0:03:04]} cxd5 {[%clk 0:03:07]} 4. Bd3
{[%clk 0:03:04]} Nc6 {[%clk 0:03:07]} 5. c3 {[%clk 0:03:05]} Nf6 {[%clk 0:03:07]}
6. Nf3 {[%clk 0:03:05]} Bg4 {[%clk 0:03:08]} 7. Bf4 {[%clk 0:02:59]} e6
{[%clk 0:03:08]} 8. Nbd2 {[%clk 0:02:59]} Bd6 {[%clk 0:03:10]} 9. Bg5
{[%clk 0:02:58]} Be7 {[%clk 0:03:10]} 10. Bf4 {[%clk 0:02:58]} O-O
{[%clk 0:03:09]} 11. O-O {[%clk 0:02:55]} Rc8 {[%clk 0:02:45]} 12. Qb3
{[%clk 0:02:50]} Qd7 {[%clk 0:02:43]} 13. h3 {[%clk 0:02:46]} Bxf3
{[%clk 0:02:37]} 14. Nxf3 {[%clk 0:02:45]} Bd6 {[%clk 0:02:37]} 15. Bxd6
{[%clk 0:02:42]} Qxd6 {[%clk 0:02:34]} 16. Qxb7 {[%clk 0:02:14]} Rb8
{[%clk 0:02:21]} 17. Qa6 {[%clk 0:02:15]} Rb6 {[%clk 0:02:15]} 18. Qa3
{[%clk 0:01:55]} Qxa3 {[%clk 0:02:15]} 19. bxa3 {[%clk 0:01:55]} Rb2
{[%clk 0:02:05]} 20. Rfb1 {[%clk 0:01:46]} Rfb8 {[%clk 0:02:02]} 21. Rxb2
{[%clk 0:01:36]} Rxb2 {[%clk 0:02:02]} 22. Ne5 {[%clk 0:01:35]} Nxe5
{[%clk 0:01:51]} 23. dxe5 {[%clk 0:01:36]} Nd7 {[%clk 0:01:51]} 24. f4
{[%clk 0:01:34]} g6 {[%clk 0:01:46]} 25. a4 {[%clk 0:01:24]} Nc5 {[%clk 0:01:46]}
26. Bb5 {[%clk 0:01:25]} a6 {[%clk 0:01:41]} 27. Bf1 {[%clk 0:01:18]} a5
{[%clk 0:01:37]} 28. Bb5 {[%clk 0:01:17]} Rc2 {[%clk 0:01:32]} 29. c4
{[%clk 0:01:10]} dxc4 {[%clk 0:01:25]} 30. a3 {[%clk 0:01:07]} Nd3
{[%clk 0:01:11]} 31. Rf1 {[%clk 0:00:58]} Nb2 {[%clk 0:01:00]} 32. Rb1
{[%clk 0:00:54]} c3 33. Bc6 {[%clk 0:00:47]} Rd2 {[%clk 0:00:52]} 34. Rc1
{[%clk 0:00:45]} Rd1+ {[%clk 0:00:41]} 35. Rxd1 {[%clk 0:00:44]} Nxd1
{[%clk 0:00:42]} 36. Be4 {[%clk 0:00:44]} Ne3 {[%clk 0:00:42]} 37. Kf2
{[%clk 0:00:40]} c2 38. Bxc2 {[%clk 0:00:31]} Nxc2 {[%clk 0:00:43]} 39. Ke2
{[%clk 0:00:31]} Nxa3 {[%clk 0:00:43]} 40. Kd3 {[%clk 0:00:32]} Kg7
{[%clk 0:00:25]} 41. g4 {[%clk 0:00:10]} f6 {[%clk 0:00:15]} 42. h4
{[%clk 0:00:08]} h6 {[%clk 0:00:13]} 43. g5 {[%clk 0:00:03]} fxe5
{[%clk 0:00:12]} 44. fxe5 {[%clk 0:00:05]} hxg5 {[%clk 0:00:13]} 45. hxg5
{[%clk 0:00:06]} Kf7 {[%clk 0:00:13]} 46. Kd4 {[%clk 0:00:05]} Ke7
{[%clk 0:00:10]} 47. Kc5 {[%clk 0:00:07]} Nc2 {[%clk 0:00:11]} 48. Kb5
{[%clk 0:00:07]} Ne1 {[%clk 0:00:10]} 49. Kxa5 {[%clk 0:00:08]} Nf3
{[%clk 0:00:11]} 50. Kb5 {[%clk 0:00:09]} Kd7 {[%clk 0:00:11]} 51. a5
{[%clk 0:00:09]} Kc7 {[%clk 0:00:12]} 52. a6 {[%clk 0:00:10]} Nxg5
{[%clk 0:00:09]} 53. Kc5 {[%clk 0:00:09]} Nf3 {[%clk 0:00:07]} 54. a7
{[%clk 0:00:08]} Kb7 {[%clk 0:00:08]} 55. Kd6 {[%clk 0:00:09]} g5
{[%clk 0:00:08]} 56. Kxe6 {[%clk 0:00:10]} g4 {[%clk 0:00:08]} 57. Kf5
{[%clk 0:00:10]} Nxe5 {[%clk 0:00:07]} 58. Kf4 {[%clk 0:00:11]} Kxa7
{[%clk 0:00:06]} 59. Kg3 {[%clk 0:00:12]} Kb6 {[%clk 0:00:07]} 60. Kf4
{[%clk 0:00:13]} Kc5 {[%clk 0:00:09]} 61. Kg3 {[%clk 0:00:15]} Kd5
{[%clk 0:00:10]} 62. Kf4 {[%clk 0:00:16]} Kd4 {[%clk 0:00:11]} 63. Kg3
{[%clk 0:00:17]} Ke3 {[%clk 0:00:10]} 64. Kg2 {[%clk 0:00:18]} Kf4
{[%clk 0:00:10]} 65. Kf2 {[%clk 0:00:19]} Nd3+ {[%clk 0:00:11]} 66. Kg2
{[%clk 0:00:20]} g3 {[%clk 0:00:11]} 67. Kf1 {[%clk 0:00:21]} Kf3
{[%clk 0:00:11]} 68. Kg1 {[%clk 0:00:23]} Nf4 {[%clk 0:00:12]} 69. Kh1
{[%clk 0:00:23]} g2+ {[%clk 0:00:08]} 70. Kh2 {[%clk 0:00:24]} Ne2
{[%clk 0:00:08]} 71. Kh3 {[%clk 0:00:23]} g1=Q {[%clk 0:00:06]} 72. Kh4
{[%clk 0:00:24]} Kf4 {[%clk 0:00:07]} 73. Kh5 {[%clk 0:00:24]} Qg5#
{[%clk 0:00:08]} 0-1

[Event "C10"]
[Site "?"]
[Date "2020.08.30"]
[Round "10.10"]
[White "Witczak, Borys"]
[Black "Zmarzly, Wiktor"]
[Result "0-1"]
[BlackElo "1253"]
[WhiteElo "1053"]
[LiveChessVersion "1.4.8"]

1. e4 {[%clk 0:03:03]} c5 {[%clk 0:03:04]} 2. Nf3 {[%clk 0:03:04]} Nc6
{[%clk 0:03:05]} 3. d4 {[%clk 0:03:05]} cxd4 {[%clk 0:03:06]} 4. Nxd4
{[%clk 0:03:06]} Nf6 {[%clk 0:03:07]} 5. Nc3 {[%clk 0:03:08]} d6 {[%clk 0:03:07]}
6. Be3 {[%clk 0:03:06]} Ng4 {[%clk 0:03:08]} 7. Bc1 {[%clk 0:02:54]} Qb6
{[%clk 0:03:05]} 8. f3 {[%clk 0:02:41]} Qxd4 {[%clk 0:03:01]} 9. Qxd4
{[%clk 0:02:38]} Nxd4 {[%clk 0:03:01]} 10. fxg4 {[%clk 0:02:39]} Nxc2+
{[%clk 0:03:02]} 11. Kd2 {[%clk 0:02:39]} Nxa1 {[%clk 0:03:02]} 12. Nd5
{[%clk 0:02:38]} Kd8 {[%clk 0:02:54]} 13. b3 {[%clk 0:02:16]} e6 {[%clk 0:02:53]}
14. Nc3 {[%clk 0:02:13]} Be7 {[%clk 0:02:44]} 15. Bb2 {[%clk 0:02:10]} Bg5+
{[%clk 0:02:41]} 16. Kd1 {[%clk 0:02:06]} Nxb3 {[%clk 0:02:38]} 17. axb3
{[%clk 0:02:07]} e5 {[%clk 0:02:35]} 18. Nd5 {[%clk 0:02:05]} Bxg4+
{[%clk 0:02:35]} 19. Be2 {[%clk 0:02:05]} Bxe2+ {[%clk 0:02:35]} 20. Kxe2
{[%clk 0:02:06]} Rc8 {[%clk 0:02:32]} 21. Kd3 {[%clk 0:02:03]} Be7
{[%clk 0:02:27]} 22. Rf1 {[%clk 0:02:03]} f6 {[%clk 0:02:27]} 23. b4
{[%clk 0:01:45]} Kd7 {[%clk 0:02:22]} 24. g4 {[%clk 0:01:37]} Rc6
{[%clk 0:02:07]} 25. Ra1 {[%clk 0:01:16]} a6 {[%clk 0:02:04]} 26. Bc3
{[%clk 0:01:14]} h5 {[%clk 0:01:53]} 27. gxh5 {[%clk 0:01:01]} Rxh5
{[%clk 0:01:53]} 28. Ra2 {[%clk 0:01:01]} Rh3+ {[%clk 0:01:51]} 29. Kd2
{[%clk 0:00:59]} Bd8 {[%clk 0:01:35]} 30. Kc2 {[%clk 0:00:46]} Rxh2+
{[%clk 0:01:35]} 31. Kb3 {[%clk 0:00:47]} Rxa2 {[%clk 0:01:29]} 32. Kxa2
{[%clk 0:00:47]} Bb6 {[%clk 0:01:19]} 33. Kb2 {[%clk 0:00:35]} Bf2
{[%clk 0:01:13]} 34. Kc2 {[%clk 0:00:31]} Rc4 {[%clk 0:01:13]} 35. Kd3
{[%clk 0:00:30]} b5 {[%clk 0:01:02]} 36. Ke2 {[%clk 0:00:24]} Bd4
{[%clk 0:00:59]} 37. Kd3 {[%clk 0:00:13]} Bxc3 {[%clk 0:00:59]} 38. Nb6+
{[%clk 0:00:13]} Kc6 {[%clk 0:00:51]} 39. Nxc4 {[%clk 0:00:14]} bxc4+
{[%clk 0:00:52]} 40. Kxc3 {[%clk 0:00:15]} Kb5 {[%clk 0:00:53]} 41. Kc2
{[%clk 0:00:14]} Kxb4 {[%clk 0:00:53]} 42. Kb2 {[%clk 0:00:16]} a5
{[%clk 0:00:54]} 43. Kc2 {[%clk 0:00:17]} a4 {[%clk 0:00:56]} 44. Kb2
{[%clk 0:00:18]} g5 {[%clk 0:00:57]} 45. Kc2 {[%clk 0:00:19]} g4 {[%clk 0:00:58]}
46. Kb2 {[%clk 0:00:20]} g3 {[%clk 0:01:00]} 47. Kc2 {[%clk 0:00:22]} g2
{[%clk 0:01:00]} 48. Kb2 {[%clk 0:00:23]} g1=Q {[%clk 0:01:00]} 49. Kc2
{[%clk 0:00:24]} Qg2+ {[%clk 0:00:57]} 50. Kd1 {[%clk 0:00:24]} c3
{[%clk 0:00:57]} 51. Ke1 {[%clk 0:00:21]} Qd2+ {[%clk 0:00:58]} 52. Kf1
{[%clk 0:00:22]} Kc4 {[%clk 0:00:58]} 53. Kg1 {[%clk 0:00:22]} Kd3
{[%clk 0:01:00]} 54. Kf1 {[%clk 0:00:23]} Ke3 {[%clk 0:01:00]} 55. Kg1
{[%clk 0:00:24]} Kf3 {[%clk 0:01:00]} 56. Kh1 {[%clk 0:00:25]} Qg2#
{[%clk 0:01:01]} 0-1